00362nmm a22001217a 450000500170000000800410001704100080005804400070006611000340007324500440010726000370015130000520018820131216173729.0131216b2009 bl ||||| |||| 00| 0 por d apor abl aLegal Amazon Governor`s Forum aMato Grosso :bWhatever, we think green aMato grossobThe redd deskc2009 a99 p.,bil., mapas, gráficas, cuadros,c13 cm